| 000 -LEADER |
| fixed length control field |
00934cam a22002414a 4500 |
| 001 - CONTROL NUMBER |
| control field |
13830382 |
| 005 - DATE AND TIME OF LATEST TRANSACTION |
| control field |
20230421115357.0 |
| 008 - FIXED-LENGTH DATA ELEMENTS--GENERAL INFORMATION |
| fixed length control field |
050104s2005 nyu b 001 0 eng |
| 020 ## - INTERNATIONAL STANDARD BOOK NUMBER |
| International Standard Book Number |
9780465092840 x |
| 041 ## - LANGUAGE CODE |
| Language code of text/sound track or separate title |
eng |
| 080 ## - UNIVERSAL DECIMAL CLASSIFICATION NUMBER |
| Universal Decimal Classification number |
616.8 Y-15 |
| 100 1# - MAIN ENTRY--PERSONAL NAME |
| Personal name |
Yalom, Irvin D., |
| 9 (RLIN) |
17701 |
| 245 14 - TITLE STATEMENT |
| Title |
The theory and practice of group psychotherapy / |
| Statement of responsibility, etc. |
Irvin D. Yalom with Molyn Leszcz. |
| 250 ## - EDITION STATEMENT |
| Edition statement |
5th edition |
| 264 ## - PRODUCTION, PUBLICATION, DISTRIBUTION, MANUFACTURE, AND COPYRIGHT NOTICE |
| Place of production, publication, distribution, manufacture |
New York : |
| Name of producer, publisher, distributor, manufacturer |
Basic Books, |
| Date of production, publication, distribution, manufacture, or copyright notice |
2005. |
| 300 ## - PHYSICAL DESCRIPTION |
| Extent |
668 p. ; |
| Dimensions |
25 cm. |
| 653 ## - INDEX TERM--UNCONTROLLED |
| keyword |
ფსიქოთერაპია |
| 700 1# - ADDED ENTRY--PERSONAL NAME |
| Personal name |
Leszcz, Molyn, |
| Dates associated with a name |
|
| Relator term |
ავტორი |
| 9 (RLIN) |
17702 |
| 856 41 - ELECTRONIC LOCATION AND ACCESS |
| Materials specified |
Table of contents |
| Uniform Resource Identifier |
http://www.loc.gov/catdir/toc/ecip055/2005000056.html |
| 856 42 - ELECTRONIC LOCATION AND ACCESS |
| Materials specified |
Contributor biographical information |
| Uniform Resource Identifier |
http://www.loc.gov/catdir/enhancements/fy0831/2005000056-b.html |
| 856 42 - ELECTRONIC LOCATION AND ACCESS |
| Materials specified |
Publisher description |
| Uniform Resource Identifier |
http://www.loc.gov/catdir/enhancements/fy0831/2005000056-d.html |
| 942 ## - ADDED ENTRY ELEMENTS (KOHA) |
| Source of classification or shelving scheme |
|
| Koha item type |
წიგნი |